000
00222nam a2200121Ia 4500
100
_a
MORRIS JAMES
942
_c
BK
245
_a
THE HASHMITE KINGS
260
_b
#N/A
300
_a
231
546
_a
ENGLISH
999
_c
28659
_d
28659